| 000 | 00880nam a22002297a 4500 | ||
|---|---|---|---|
| 003 | UA-OsUOA | ||
| 001 | 39866 | ||
| 007 | ta | ||
| 008 | 20080520b un ||||| |||| 00| 0 ukr d | ||
| 090 |
_a050 _bЗ-12 |
||
| 942 | _cMG | ||
| 040 |
_aUA-OsUOA _bukr _cUA-OsUOA _dUA-OsUOA |
||
| 245 |
_aЗа Рідну Церкву _b1970: Ч. 1-2(43-44) |
||
| 300 | _a40 с. | ||
| 955 | _a1 | ||
| 041 | _aukr | ||
| 080 | _a050 | ||
| 260 | _aТоронто | ||
| 246 | 3 | 1 | _aОфіційний бюлетень Централі Комітетів Оборони обряду, традицій і мови Української Католицької Церкви у США і Канаді |
| 650 | 7 |
_a050 Серійні публікації. Періодика галузі, Організація та інші типи поєднання (співробітництва) _2UDC |
|
| 999 |
_c438373 _d438373 |
||